[Event "CAN-ch University"]
[Site "Ottawa"]
[Date "2018.01.14"]
[Round "2"]
[White "Dagan, Alfred"]
[Black "Cormier, Adam"]
[Result "0-1"]
[WhiteElo "1922"]
[BlackElo "2132"]
[PlyCount "71"]
[EventDate "2018.01.13"]
[EventType "swiss"]
[EventRounds "5"]
[EventCountry "CAN"]
[SourceTitle "EXT 2022"]
[Source "ChessBase"]
[SourceDate "2021.10.06"]
[SourceVersion "1"]
[SourceVersionDate "2021.10.06"]
[SourceQuality "1"]

1. Nf3 c5 2. g3 g6 3. c4 Bg7 4. Bg2 Nc6 5. 0-0 e6 6. Nc3 Nge7 7. d3 d5 8. cxd5 exd5 9. a3 0-0 10. Rb1 b5 11. Bf4 h6 12. h4 Bg4 13. Nh2 Be6 14. e4 Nd4 15. Ng4 Kh7 16. f3 Nec6 17. exd5 Bxd5 18. Nxd5 Qxd5 19. Bxh6 f5 20. Bxg7 Kxg7 21. f4 Qd6 22. Ne5 Rad8 23. Nxc6 Nxc6 24. Bxc6 Qxc6 25. Qf3 Qd6 26. Rbd1 Rfe8 27. h5 Qd4+ 28. Qf2 gxh5 29. Qxd4+ Rxd4 30. Rf3 Re2 31. b4 cxb4 32. axb4 Rxb4 33. d4 Rbb2 34. Ra1 Rg2+ 35. Kf1 Ra2 36. Rc1 0-1

[Event "Canadian op U1800"]
[Site "Sault Ste Marie"]
[Date "2017.07.14"]
[Round "7.38"]
[White "Inkpen, Wane"]
[Black "Dagan, Alfred"]
[Result "0-1"]
[WhiteElo "1696"]
[BlackElo "1727"]
[PlyCount "110"]
[EventDate "2017.07.08"]
[EventType "swiss"]
[EventRounds "9"]
[EventCountry "CAN"]
[SourceTitle "EXT 2022"]
[Source "ChessBase"]
[SourceDate "2021.10.06"]
[SourceVersion "1"]
[SourceVersionDate "2021.10.06"]
[SourceQuality "1"]

1. d4 Nf6 2. Nf3 g6 3. Nc3 Bg7 4. e4 d6 5. Be3 0-0 6. Qd2 Re8 7. 0-0-0 Bd7 8. h3 c6 9. Bd3 b5 10. Rdf1 Qa5 11. Kb1 Be6 12. b3 Rc8 13. Nd5 Qxd2 14. Nxf6+ Bxf6 15. Bxd2 a5 16. Bg5 a4 17. Bxf6 exf6 18. Nd2 axb3 19. axb3 Na6 20. c3 d5 21. Kb2 b4 22. c4 Nc7 23. Ra1 Rab8 24. Ra7 Ne8 25. exd5 cxd5 26. c5 Ng7 27. g4 f5 28. f3 fxg4 29. fxg4 h5 30. Rg1 hxg4 31. hxg4 Re8 32. Nf3 Bc8 33. Ne5 Rb7 34. Rxb7 Bxb7 35. Rf1 Re7 36. c6 Bc8 37. Ra1 Kh7 38. Ra4 Kh6 39. Rxb4 f6 40. Nxg6 Re3 41. Nf4 Kg5 42. Nxd5 Rxd3 43. Nb6 Bxg4 44. c7 Ne8 45. c8Q Bxc8 46. Nxc8 f5 47. Kc2 Rh3 48. Rb7 f4 49. Re7 Nf6 50. d5 Rh2+ 51. Kd3 Rh3+ 52. Kc4 Rh1 53. Nb6 f3 54. Kd4 f2 55. Rg7+ Kh6 0-1

[Event "Canadian op U1800"]
[Site "Sault Ste Marie"]
[Date "2017.07.11"]
[Round "2.44"]
[White "Dagan, Alfred"]
[Black "Piche, Jeremie"]
[Result "1/2-1/2"]
[WhiteElo "1727"]
[BlackElo "1691"]
[PlyCount "89"]
[EventDate "2017.07.08"]
[EventType "swiss"]
[EventRounds "9"]
[EventCountry "CAN"]
[SourceTitle "EXT 2022"]
[Source "ChessBase"]
[SourceDate "2021.10.06"]
[SourceVersion "1"]
[SourceVersionDate "2021.10.06"]
[SourceQuality "1"]

1. e4 c5 2. Nc3 d6 3. f4 Nc6 4. Nf3 Nf6 5. Bc4 e5 6. d3 a6 7. Ng5 Be6 8. Nxe6 fxe6 9. Bxe6 Nd4 10. Bh3 Be7 11. 0-0 0-0 12. Ne2 Qe8 13. Nxd4 cxd4 14. Be6+ Kh8 15. f5 Nd7 16. Rf3 Nc5 17. Bd5 Qh5 18. Qf1 Rab8 19. Bd2 b5 20. b3 Nd7 21. Be6 Nc5 22. Bd5 Nd7 23. Kh1 Nf6 24. Rh3 Qg4 25. Be6 Rb7 26. Qd1 Rc7 27. Rf3 Qh5 28. Kg1 Nd7 29. Rc1 Nc5 30. Bd5 Bg5 31. Rh3 Qxd1+ 32. Rxd1 Bxd2 33. Rxd2 Nd7 34. Rf3 Nf6 35. Be6 Ng4 36. h3 Ne3 37. Rdf2 Rf6 38. Kh2 h6 39. g4 g5 40. b4 Kg7 41. Bb3 Rc3 42. Re2 Rf8 43. Re1 Kf6 44. Ra1 Rfc8 45. Rc1 1/2-1/2